| 000 | 01556nam a2200229Ia 4500 | ||
|---|---|---|---|
| 999 |
_c48981 _d48981 |
||
| 001 | 15886 | ||
| 003 | GE_BSU | ||
| 005 | 20250411160340.0 | ||
| 008 | 181216s1955||||ge |||||||||||||| ||geo|| | ||
| 040 | _cGE_BSU | ||
| 041 | _ageo | ||
| 080 | _a821.353.1+821.353.1-92 ჭ-15 | ||
| 100 |
_aჭავჭავაძე, ი. (ილია, 1837-1907) _97595 |
||
| 245 |
_aთხზულებათა სრული კრებული : _b10 ტომად. ტ.5. საქართველოს მატიანე / _cილია ჭავჭავაძე; პ. ინგოროყვას რედ. [და შესავ. წერილით]; საქ. სსრ მეცნ. აკად., რუსთაველის სახ. ქართ. ლიტ-რის ისტორიის ინ-ტი. |
||
| 264 |
_aთბილისი : _bსახელგამი, _c1955. |
||
| 300 |
_a409 გვ.; _b20 სმ. |
||
| 653 | _aსაქართველოს მატიანე | ||
| 653 | _aსაქართველოს ახალი ისტორია | ||
| 700 |
_aინგოროყვა, პ. _eრედაქტორი, წინასიტყვაობის ავტორი _97617 |
||
| 710 |
_aსაქართველოს სსრ მეცნიერებათა აკადემია _bრუსთაველის სახ. ქართული ლიტერატურის ისტორიის ინსტიტუტი. _924772 |
||
| 942 |
_cBK _2udc |
||